| 000 | 00922cam a22003011i 4500 | ||
|---|---|---|---|
| 003 | EG-ScBUE | ||
| 005 | 20240522094334.0 | ||
| 008 | 100412t2007 iauab f b 001 0 eng d | ||
| 020 | _a9780073404059 | ||
| 020 | _a0073404055 | ||
| 040 |
_aEG-ScBUE _beng _erda _cEG-ScBUE _dEG-ScBUE |
||
| 043 | _aaw----- | ||
| 082 | 0 | 4 |
_222 _a956 _bSPE |
| 100 | 1 |
_aSpencer, William, _d1922- _eauthor. _913445 |
|
| 245 | 1 | 4 |
_aThe Middle East / _cDr. William Spencer. |
| 250 | _aEleventh edition. | ||
| 264 | 1 |
_aDubuque, IA : _bMcGraw-Hill, _c[2007] |
|
| 264 | 4 | _cc2007 | |
| 300 |
_ax, 274 pages : _billustrations, maps ; _c28 cm. |
||
| 336 |
_2rdacontent _atext _btxt |
||
| 337 |
_aunmediated _2rdamedia _bn |
||
| 338 |
_avolume _bnc _2rdacarrier |
||
| 490 | 0 | _aGlobal studies | |
| 504 | _aIncludes bibliographical references and index. | ||
| 651 | 7 |
_aMiddle East _xHistory. _2BUEsh _913431 |
|
| 655 | _vReading book | ||
| 942 |
_cBB _2ddc |
||
| 999 |
_c2275 _d2275 |
||